| 000 | 00862cam a22002413a 4500 | ||
|---|---|---|---|
| 001 | 31292 | ||
| 003 | PGUSA | ||
| 005 | 20140828083657.0 | ||
| 008 | 100216s2010||||xxu|||||s|||||000 | eng d | ||
| 040 |
_aPGUSA _beng |
||
| 042 | _adc | ||
| 050 | 4 | _aQH | |
| 100 | 1 |
_aBurroughs, John, _d1837-1921 |
|
| 245 | 1 | 2 |
_aA Year in the Fields _h[electronic resource] / _cJohn Burroughs |
| 260 |
_bProject Gutenberg, _c2010 |
||
| 505 | 0 | _aJohn Burroughs: a biographical sketch -- A snow storm -- Winter neighbors -- A spring relish -- April -- Birch browsings -- A bunch of herbs: Fragrant wild flowers. Weeds --Autumn tides -- A sharp lookout. | |
| 506 | _aPublic domain in the USA. | ||
| 516 | _aElectronic text | ||
| 653 | _aNatural history -- Outdoor books | ||
| 830 | 0 |
_aProject Gutenberg _v31292 |
|
| 856 | 4 | 0 | _uhttp://www.gutenberg.org/ebooks/31292 |
| 942 | _cEB | ||
| 999 |
_c260547 _d260547 |
||